<?xml version='1.0' encoding='UTF-8'?>
  <record xmlns="http://www.loc.gov/MARC21/slim">
    <leader>00000cam a22000007i 4500</leader>
    <controlfield tag="001">on1001286195</controlfield>
    <controlfield tag="003">OCoLC</controlfield>
    <controlfield tag="005">20240202180208.2</controlfield>
    <controlfield tag="008">170817s1774    ne a          000 0 dut d</controlfield>
    <datafield tag="040" ind1=" " ind2=" ">
      <subfield code="a">QGJ</subfield>
      <subfield code="b">dut</subfield>
      <subfield code="e">fobidrtb</subfield>
      <subfield code="c">QGJ</subfield>
      <subfield code="d">OCLCA</subfield>
      <subfield code="d">OCLCQ</subfield>
      <subfield code="d">OCLCO</subfield>
      <subfield code="d">OCLCL</subfield>
    </datafield>
    <datafield tag="026" ind1=" " ind2=" ">
      <subfield code="a">177408 - a1 *2 de : a2 *5 ond - b1 A t : b2 F e$ (stcnf)</subfield>
    </datafield>
    <datafield tag="035" ind1=" " ind2=" ">
      <subfield code="a">(OCoLC)1001286195</subfield>
    </datafield>
    <datafield tag="100" ind1="1" ind2=" ">
      <subfield code="a">Winter-van Merken, Lucretia Wilhelmina van,</subfield>
      <subfield code="d">1721-1789.</subfield>
      <subfield code="1">https://id.oclc.org/worldcat/entity/E39PBJqVTKHg4PXmVdCKV7Vpyd</subfield>
    </datafield>
    <datafield tag="245" ind1="1" ind2="4">
      <subfield code="a">Het beleg der stad Leyden :</subfield>
      <subfield code="b">Treurspel. /</subfield>
      <subfield code="c">door Lucretia Wilhelmina van Winter, geboren van Merken.</subfield>
    </datafield>
    <datafield tag="260" ind1=" " ind2=" ">
      <subfield code="a">Te Amsterdam :</subfield>
      <subfield code="b">By Pieter Meijer,</subfield>
      <subfield code="c">1774.</subfield>
    </datafield>
    <datafield tag="300" ind1=" " ind2=" ">
      <subfield code="a">11, [1], 83, [1] p. :</subfield>
      <subfield code="b">illustrations ;</subfield>
      <subfield code="c">in-8</subfield>
    </datafield>
    <datafield tag="336" ind1=" " ind2=" ">
      <subfield code="a">tekst</subfield>
      <subfield code="b">txt</subfield>
      <subfield code="2">rdacontent/dut</subfield>
    </datafield>
    <datafield tag="337" ind1=" " ind2=" ">
      <subfield code="a">zonder medium</subfield>
      <subfield code="b">n</subfield>
      <subfield code="2">rdamedia/dut</subfield>
    </datafield>
    <datafield tag="338" ind1=" " ind2=" ">
      <subfield code="a">band</subfield>
      <subfield code="b">nc</subfield>
      <subfield code="2">rdacarrier/dut</subfield>
    </datafield>
    <datafield tag="500" ind1=" " ind2=" ">
      <subfield code="a">* 6 A-E 8 F 2 (*2,3 als A2,3).</subfield>
    </datafield>
    <datafield tag="510" ind1="4" ind2=" ">
      <subfield code="a">Van Aken,</subfield>
      <subfield code="c">I, p. 409</subfield>
    </datafield>
    <datafield tag="510" ind1="4" ind2=" ">
      <subfield code="a">Worp,</subfield>
      <subfield code="c">II, p. 145</subfield>
    </datafield>
    <datafield tag="510" ind1="4" ind2=" ">
      <subfield code="a">CBMNL,</subfield>
      <subfield code="c">762</subfield>
    </datafield>
    <datafield tag="510" ind1="4" ind2=" ">
      <subfield code="a">Short Title Catalogue Netherlands,</subfield>
      <subfield code="c">182711471</subfield>
    </datafield>
    <datafield tag="530" ind1=" " ind2=" ">
      <subfield code="a">Wordt verfilmd.</subfield>
    </datafield>
    <datafield tag="655" ind1=" " ind2="7">
      <subfield code="a">Toneelstukken (teksten)</subfield>
      <subfield code="2">gtt</subfield>
      <subfield code="0">(NL-LeOCL)112192629</subfield>
    </datafield>
    <datafield tag="710" ind1="0" ind2=" ">
      <subfield code="a">Meijer, Pieter (Amsterdam)</subfield>
      <subfield code="4">prt</subfield>
      <subfield code="0">(NL-LeOCL)077134354</subfield>
    </datafield>
    <datafield tag="758" ind1=" " ind2=" ">
      <subfield code="a">Het beleg der stad Leyden (Text)</subfield>
      <subfield code="1">https://id.oclc.org/worldcat/entity/E39PCYRpV3WkrTffMp8r7dMtrq</subfield>
      <subfield code="4">https://id.oclc.org/worldcat/ontology/hasWork</subfield>
    </datafield>
    <datafield tag="776" ind1="0" ind2=" ">
      <subfield code="t">Het beleg der stad Leyden</subfield>
      <subfield code="w">(NL-LeOCL)398539227</subfield>
    </datafield>
  </record>